000 00739nam a2200277Ia 4500
005 20260324113042.0
008 008 260324s9999 xx 000 0 eng d
020 _a9781003469278
037 _aEBOOK
040 _aCRL
040 _beng
040 _cCRL
041 _2eng
041 _aeng
084 _qCRL
100 _aSumit Chakravarty; Vineeta I; Jahangeer A. Bhat; Munesh Kumar; Gopal Shukla
_91145219
245 0 _aSustainable Management and Conservation of Environmental Resources in India
260 _bTaylor and Francis
260 _c2024
365 _a
365 _b385
856 _uhttp://www.taylorfrancis.com/books/9781003469278
942 _cEBOOK
999 _c1734668
_d1734668